Statistics for Five Closest Countries by City #3

Click here to take the quiz!

General Stats

  • This quiz has been taken 1,716 times
  • The average score is 31 of 40

Answer Stats

Original City#Country% Correct
Mecca193Egypt
96%
Reykjavik622United Kingdom
96%
Reykjavik847Norway
95%
Reykjavik774Ireland
94%
Sarajevo63Croatia
92%
Hanoi81Laos
92%
Hanoi85China
91%
Sarajevo42Serbia
91%
Reykjavik1027Sweden
91%
Hanoi222Thailand
91%
Hanoi448Cambodia
90%
Tripoli188Italy
87%
Mecca352Yemen
87%
Sarajevo35Montenegro
86%
Tripoli90Tunisia
86%
Tripoli240Algeria
85%
Reykjavik1127Canada
83%
Sarajevo119Kosovo
83%
Sarajevo107Albania
81%
Port Moresby423Indonesia
81%
Zanzibar103Kenya
81%
Mecca163Sudan
81%
Port Moresby194Australia
80%
Hanoi302Burma
79%
Mecca250Eritrea
79%
Mecca469Ethiopia
79%
Tripoli222Malta
78%
Zanzibar368Somalia
78%
Tripoli547Greece
71%
Zanzibar309Mozambique
71%
Belém 393France
69%
Port Moresby587Solomon Islands
59%
Belém 490Suriname
55%
Belém 946Venezuela
55%
Belém 603Guyana
54%
Zanzibar416Malawi
53%
Port Moresby897Fed. States of Micronesia
49%
Zanzibar455Comoros
48%
Port Moresby1266Vanuatu
48%
Belém 1177Trinidad and Tobago
41%

Score Distribution

Percentile by Number Answered

Percent of People with Each Score

Your Score History

You have not taken this quiz